| 000 | 00814cam a2200193 4500 | ||
|---|---|---|---|
| 001 | ABS61258 | ||
| 008 | 000000n1999 000 0 eng u | ||
| 035 | _a(Sirsi) u101875 | ||
| 100 | _aWalker, M. | ||
| 245 | _aGreen gauging. | ||
| 260 | _c1999 | ||
| 490 |
_aHouse Builder _v58(8) September 1999, 37(1) |
||
| 520 | _aGives an overview of environmental impact assessments (EIAs) which assess the environmental effects of major projects. Explains what types of developments need to submit an environmental statement (ES) to planning authorities, and warns that planning permission can be quashed if EIA procedures are not followed. | ||
| 650 | _aENVIRONMENTAL IMPACT ASSESSMENTS | ||
| 650 | _aENVIRONMENTAL STATEMENTS | ||
| 650 | _aPLANNING PERMISSION | ||
| 690 | _aPLANNING LAW AND PRACTICE | ||
| 942 | _n0 | ||
| 999 |
_c60980 _d60980 |
||